000 00678nam a2200193Ia 4500
003 GCL
008 140319s9999 xx 000 0 ara d
040 _aGCL /
_cGCL
082 0 4 _a809.8
_bو م
100 1 _aوانجلز، ماركس
245 1 0 _aماركس وانجلز :
_bملاحظات وآراء عن أدباء كلاسيكين /
_cوانجلز، ماركس
250 _aالاولى
260 _aسوريا :
_bنينوى للدراسات والنشر والتوزيع ،
_c2003
300 _a106 ص ؛
_c20 سم
650 0 4 _aالثقافة
650 0 4 _aالابداع الادبى والفنى
650 0 4 _aالادباء الغربيون
942 _2ddc
_cBK
999 _c7419
_d7419